| 000 | 00464nam a2200157Ia 4500 | ||
|---|---|---|---|
| 003 | GCL | ||
| 008 | 140319s9999 xx 000 0 eng d | ||
| 040 |
_aGCL / _cGCL |
||
| 082 | 0 | 4 |
_a618.107 _bN C |
| 100 | 1 | _aNUOVO, GERARD J | |
| 245 | 1 | 0 |
_aCYTOPATHOLOGY OF THE FEMALE GENITAL TRACT: AN INTEGRATED APPROACH / _cNUOVO, GERARD J |
| 260 |
_a[S.N] : _bWILLIAMS & WILKINS |
||
| 650 | 0 | 4 | _aGENERATIVE ORGANS, FEMALE |
| 650 | 0 | 4 | _aCANCER, CYTOPATHOLOGY |
| 942 |
_2ddc _cBK |
||
| 999 |
_c11837 _d11837 |
||